000 00882nam a2200277Ia 4500
005 20220316235716.0
008 121119s2002 ck gr 000 f spa
020 _a9580467536
041 1 _aspa
100 1 _aVerne, Julio
_d1828-1905
245 1 0 _aDos años de vacaciones
_cJulio Verne ; traducción de Ana Piedad Jaramillo
250 _aSegunda edición
300 _a398, 47 páginas
_c22 cm
501 _aCon : Julio Verne : vida y obra
650 1 4 _aNovela francesa
_2LEMB
650 1 4 _aHistorias de aventuras
_zNovela
_2LEMB
650 1 4 _aNaufragios
_vNovela
_2LEMB
700 1 _aJaramillo, Ana Piedad
_etraductor
_933463
942 _2loc
_cBKLIT
264 _aBogotá
_bNorma
_c2002
336 _atexto
_btxt
_2rdacontent
337 _asin mediación
_bn
_2rdamedia
338 _avolumen
_bnc
_2rdacarrier
040 _aCO-BoRNBP
_bspa
_erda
_cCO-BoRNBP
084 _aN VER2
999 _c1897
_d1897